| 000 | 01143nam a2200241 i 4500 | ||
|---|---|---|---|
| 001 | 151373 | ||
| 003 | ES-MaACL | ||
| 005 | 20230906204002.0 | ||
| 008 | 990709s1736 fr afe |||| | fre d | ||
| 040 |
_aCCPB | B _bspa _cCCPB | B |
||
| 110 | 2 |
_aAcadémie des inscriptions et belles-lettres (Francia) _91230 |
|
| 245 | 1 | 0 |
_aMémoires de littérature, tiréz des registres de l´Academie Royale des Inscriptions et Belles-Lettres, depuis l'année MDCCXXXI jusques MDCCXXXIII _b: Tome Dixiéme. |
| 260 |
_aA Paris : _bDe l´Imprimerie Royale, _c1736. |
||
| 300 |
_a[6], 751 p., [6] h. de grab. pleg. : _bil. ; _c25 cm. |
||
| 597 | _aSign.: []4, A-Z4, 2A-2Z4, 3A-3Z4, 4A-4Z4, 5A-5B4. | ||
| 597 | _aPort. con grab. xil. | ||
| 597 | _aTexto con apostillas marginales. | ||
| 599 | _aViñeta xil. en r. de A1. | ||
| 599 | _aGrab. calc. de medallas en p. 465. | ||
| 599 | _aLa h. de grab. pleg. calc. representan grab., inscripciones y planos. | ||
| 610 | 2 |
_aAcadémie des inscriptions et belles-lettres (Francia) _91230 |
|
| 852 |
_aES-MaACL _jR-1298-1343 _z-- Enc. piel con super-libris dorado con león rampante _x Olim: G-13300-45 |
||
| 999 |
_c151373 _d151373 |
||